000 00247nam a22001097a 4500
020 _a0 905713 02 8
082 _aREF 650 SAM
245 _aSamson Management Lexicon
260 _aUK
_bSamson Publications
_c1977
300 _a250p
_b23cm
942 _cBK
999 _c14069
_d14069